| 000 | 00349nam a22001337a 4500 | ||
|---|---|---|---|
| 020 | _a978-93-58701-55-5 | ||
| 082 | _a425 | ||
| 100 | _aWren, P.C. | ||
| 245 | _aHigh School English Grammar & Composition | ||
| 250 | _aMulticolour | ||
| 260 |
_aNew Delhi: _bVikas Publishing House Private Limited, _c2024 |
||
| 300 | _a420p.: ill.; 26cm | ||
| 942 | _cBK | ||
| 999 |
_c22122 _d22122 |
||